000 00357pab a2200157 454500
008 180718b2011 xxu||||| |||| 00| 0 eng d
100 _aPatel, Shirish B.
245 _aInclusionary housing
260 _c2011
300 _ap.13-14.
362 _a22 Oct
650 _aHousing
773 _aEconomic and Political Weekly
908 _aN
909 _a94069
999 _c94069
_d94069